000 00557nam a2200169 a 4500
001 000029368
005 20240430111443.0
008 110415s2008 dr c 000 0 spa d
040 _aDO-SdBNP
_bspa
_cBNPHU
082 _axxx
_bA367l
100 1 _aAlemán, José Luis,
_97046
245 1 0 _aLuchas sociales en tiempos del Quinn joven /
_cJosé Luis Alemán ; editor Rafael Bello Peguero.
260 _aSanto Domingo
_aAmigo del Hogar,
_c2008.
300 _a19 p. :
_bretrs. ;
_c20 cm.
700 1 _aBello Peguero, Rafael,
_d1932-2022
_eed.
_92405
049 _aBNPD
999 _c28860
_d28860